ये ही हैं / (Record no. 39387)

MARC details
000 -LEADER
fixed length control field 01302nam a22002537a 4500
005 - DATE AND TIME OF LATEST TRANSACTION
control field 20100805114727.0
010 ## - LCCN (DPL NO)
LC control number HIN-89993
020 ## - INTERNATIONAL STANDARD BOOK NUMBER
International Standard Book Number 8188607150
Terms of availability 175.00
035 ## - SYSTEM CONTROL NUMBER
System control number HN-62339
037 ## - SOURCE OF ACQUISITION
Source of stock number/acquisition DBAD / VEN
082 ## - DEWEY DECIMAL CLASSIFICATION NUMBER
Classification number
100 ## - MAIN ENTRY--PERSONAL NAME
Personal name बनफूल
245 ## - TITLE STATEMENT
Title ये ही हैं /
Statement of responsibility, etc बनफूल;ममता खरे द्वारा अनुवादित
246 ## - VARYING FORM OF TITLE
Title proper/short title Ye Hi Hain
Remainder of title by Banphool;Translated by Mamta Khare
260 ## - PUBLICATION, DISTRIBUTION, ETC. (IMPRINT)
Place of publication, distribution, etc दिल्ली
Name of publisher, distributor, etc रीमा एण्ड कम्पनी
Date of publication, distribution, etc 2010
270 ## - ADDRESS
Address 30/22ए, प्रथम तल, गली नं.-9, विश्वास नगर
City दिल्ली
Postal code 110032
300 ## - PHYSICAL DESCRIPTION
Extent 119पृ.
Dimensions 22सेमी (सजिल्द)
650 ## - SUBJECT ADDED ENTRY--TOPICAL TERM
Topical term following geographic name as entry element हिन्दी कथा साहित्य
650 ## - SUBJECT ADDED ENTRY--TOPICAL TERM
Topical term following geographic name as entry element Hindi Katha Sahitya
700 ## - ADDED ENTRY--PERSONAL NAME
9 (RLIN) 5361
Personal name खरे, ममता
942 ## - ADDED ENTRY ELEMENTS (KOHA)
Source of classification or shelving scheme Dewey Decimal Classification
Item type Hindi Books
Classification part
Call number suffix बनफू
Holdings
Withdrawn status Lost status Not for loan Collection code Home library Current library Date acquired Source of acquisition Cost, normal purchase price Full call number Barcode Copy number Cost, replacement price Koha item type
    Not For Loan Fiction D.B.Act.Division D.B.Act.Division 05/08/2010 DBAD / PUB 175.00 उ बनफू HN-62339 1 175.00 Hindi Books

© Delhi Public Library
Hit Counter
free hit counter